| 000 | 01159nam a2200325 a 4500 | ||
|---|---|---|---|
| 001 | BRL_1598 | ||
| 003 | FranzMayer | ||
| 005 | 20230918121658.0 | ||
| 008 | 090414s2000----mx-ao#####---#000-0#spa-# | ||
| 020 | _a970701072X | ||
| 040 | _cMFM | ||
| 041 | _aspa | ||
| 044 | _amx | ||
| 050 | 4 |
_aQK495.O64 _b.S27 2000 |
|
| 100 | 1 |
_aSarmiento Fradera, Manuel _927395 |
|
| 245 | 1 | 0 |
_aOrquídeas mexicanas _cManuel Sarmiento Fradera y Carlos Romero Giordano ; fotografía Claudio Contreras Koob...[et al.] ; ilustraciones Beatriz Beltrán Brauer y Griselda Fradera. |
| 260 |
_aMéxico _bBanco Nacional de Obras y Servicios Públicos _c2000 |
||
| 300 |
_a148 p. _bil., fotografías (a color) _c31 cm. |
||
| 500 | _aUn ejemplar en Anexo 1 (el que se ubica en BRCA) | ||
| 500 | _aAu868 | ||
| 500 | _aIncluye dedicatoria a Ruth Lechuga | ||
| 504 | _aBibliografía: p. 147-148 | ||
| 650 | 1 | 4 |
_aOrquídeas _zMéxico _911599 |
| 700 | 1 |
_aRomero Giordano, Carlos _ecoaut. _94882 |
|
| 700 | 1 |
_aContreras Koob, Claudio _eil. _927396 |
|
| 700 | 1 |
_aBeltrán Brauer, Beatriz _eil. _927397 |
|
| 700 | 1 |
_aFradera, Griselda _eil. _927398 |
|
| 902 | _aGRL | ||
| 942 |
_2lcc _cB |
||
| 999 |
_c10407 _d10407 |
||